000 00304nam a2200133Ia 4500
008 231129s1968||||xx |||||||||||||| ||spa||
040 _bspa
082 _aM864 G216d
100 _aGarcia Ponce Juán
245 0 _aDesconsideraciones
260 _c1968
264 _aJoaquí­n Mortiz
942 _2ddc
_cBKS
999 _c9075
_d9075